Régimen legal del nuevo proceso laboral Chileno: estudio de las modificaciones introducidas por las leyes N§ 20.022 y 20.087
Spremljeno u:
| Glavni autor: | |
|---|---|
| Daljnji autori: | |
| Format: | Knjiga |
| Jezik: | španjolski |
| Izdano: |
Santiago
LexisNexis
2007
|
| Izdanje: | 1a. ed |
| Serija: | Colección Manuales
|
| Teme: | |
| Oznake: |
Dodaj oznaku
Bez oznaka, Budi prvi tko označuje ovaj zapis!
|
MARC
| LEADER | 00000nam a2200000 a 4500 | ||
|---|---|---|---|
| 001 | UCI0479 | ||
| 003 | CL-VaPUC | ||
| 008 | 070511e20070000CL |||||||||||||||||spa|d | ||
| 020 | |a 9789562386883 | ||
| 082 | 0 | 4 | |a 344.8301 |b WAL |2 21 |
| 100 | 0 | |a Walter Díaz, Rodolfo |e author |9 520634 | |
| 700 | |a Lanata Fuenzalida, Gabriela |e autora |9 598877 | ||
| 245 | 1 | 0 | |a Régimen legal del nuevo proceso laboral Chileno: estudio de las modificaciones introducidas por las leyes N§ 20.022 y 20.087 |
| 250 | |a 1a. ed | ||
| 300 | |a 237 p | ||
| 942 | |c BK | ||
| 945 | |d 20070511 00:00:00 |a jtorresc | ||
| 260 | |a Santiago |b LexisNexis |c 2007 | ||
| 650 | 7 | |a DERECHO LABORAL |2 CL-VaPUC |9 15 | |
| 650 | 7 | |a JUZGADOS DE TRABAJO |2 CL-VaPUC |9 520636 | |
| 650 | 0 | |a Derecho y legislación |9 255077 | |
| 650 | 0 | |a Contratos de trabajo |9 254966 | |
| 650 | 7 | |a REFORMA PROCESAL CHILENA |2 CL-VaPUC |9 520637 | |
| 583 | |a last modification |c 20170801 04:19:03 |k Rodrigo Vera | ||
| 490 | 0 | |a Colección Manuales | |
| 999 | |c 325632 |d 325630 | ||
| 952 | |0 0 |1 0 |4 0 |6 344_830100000000000_WAL_2007 |7 0 |8 A |9 406691 |a BIBDER |b BIBDER |d 2019-11-22 |i 4338391 |o 344.8301 WAL 2007 |p 4338391 |r 2023-01-25 |w 2019-11-22 |y BK |k DER | ||